Tibetan womwn : (Record no. 47883)
[ view plain ]
| 000 -LEADER | |
|---|---|
| fixed length control field | 00850 a2200265 4500 |
| 020 ## - INTERNATIONAL STANDARD BOOK NUMBER | |
| International Standard Book Number | 974-7315-20-3 |
| 041 ## - LANGUAGE CODE | |
| Language code of text/sound track or separate title | Eng |
| 082 ## - DEWEY DECIMAL CLASSIFICATION NUMBER | |
| Classification number | 301.412 |
| Item number | M289t |
| 100 ## - MAIN ENTRY--PERSONAL NAME | |
| Personal name | Majpuria, Indra |
| 9 (RLIN) | 2098 |
| 245 ## - TITLE STATEMENT | |
| Title | Tibetan womwn : |
| Remainder of title | then and now, a faithful and vivid account of the status and role of tibetan women who lived in ancient Tibet as well as those who are living today in and outside Tibet / |
| 260 ## - PUBLICATION, DISTRIBUTION, ETC. | |
| Place of publication, distribution, etc. | Kathmnadu : |
| 300 ## - PHYSICAL DESCRIPTION | |
| Extent | viii, 280 p. ; |
| 650 ## - SUBJECT ADDED ENTRY--TOPICAL TERM | |
| Topical term or geographic name entry element | Women's status |
| 9 (RLIN) | 646 |
| 650 ## - SUBJECT ADDED ENTRY--TOPICAL TERM | |
| Topical term or geographic name entry element | Husband-wife relationship |
| 9 (RLIN) | 2101 |
| 650 ## - SUBJECT ADDED ENTRY--TOPICAL TERM | |
| Topical term or geographic name entry element | Women's rights |
| 9 (RLIN) | 2043 |
| 650 ## - SUBJECT ADDED ENTRY--TOPICAL TERM | |
| Topical term or geographic name entry element | Women's role |
| 9 (RLIN) | 2095 |
| 650 ## - SUBJECT ADDED ENTRY--TOPICAL TERM | |
| Topical term or geographic name entry element | God and goddesses |
| 9 (RLIN) | 1279 |
| 650 ## - SUBJECT ADDED ENTRY--TOPICAL TERM | |
| Topical term or geographic name entry element | Marriage |
| 9 (RLIN) | 426 |
| 650 ## - SUBJECT ADDED ENTRY--TOPICAL TERM | |
| Topical term or geographic name entry element | Social rites and ceremonies |
| 9 (RLIN) | 1361 |
| 650 ## - SUBJECT ADDED ENTRY--TOPICAL TERM | |
| Topical term or geographic name entry element | Dowry |
| 9 (RLIN) | 2103 |
| 653 ## - INDEX TERM--UNCONTROLLED | |
| Uncontrolled term | Women |
| 654 ## - SUBJECT ADDED ENTRY--FACETED TOPICAL TERMS | |
| Focus term | Tibetan women |
| 9 (RLIN) | 2105 |
| 942 ## - ADDED ENTRY ELEMENTS (KOHA) | |
| Source of classification or shelving scheme | Dewey Decimal Classification |
| Koha item type | AS |
| 518 ## - DATE/TIME AND PLACE OF AN EVENT NOTE | |
| -- | 2010-11-30 |
| Withdrawn status | Lost status | Source of classification or shelving scheme | Damaged status | Not for loan | Home library | Current library | Date acquired | Total Checkouts | Full call number | Barcode | Date last seen | Copy number | Price effective from | Koha item type |
|---|---|---|---|---|---|---|---|---|---|---|---|---|---|---|
| Dewey Decimal Classification | Tribhuvan University Central Library | Tribhuvan University Central Library | 11/30/2010 | 301.412 M289t | 98406 | 11/30/2010 | 1 | 11/30/2010 | AS | |||||
| Dewey Decimal Classification | Tribhuvan University Central Library | Tribhuvan University Central Library | 11/30/2010 | 301.412 M289t | 11/30/2010 | 11/30/2010 | General Collections |
